Curso de derecho aéreo
Guardat en:
| Autor principal: | |
|---|---|
| Format: | Llibre |
| Idioma: | espanyol |
| Publicat: |
Pamplona
Aranzadi
2006
|
| Edició: | 1a. ed |
| Matèries: | |
| Etiquetes: |
Afegir etiqueta
Sense etiquetes, Sigues el primer a etiquetar aquest registre!
|
MARC
| LEADER | 00000nam a2200000 a 4500 | ||
|---|---|---|---|
| 001 | UCG4817 | ||
| 003 | CL-VaPUC | ||
| 008 | 101202e20060000SP |||||||||||||||||spa|d | ||
| 020 | |a 8447025497 | ||
| 082 | 0 | 4 | |a 341.756 |b ARR |2 21 |
| 100 | 0 | |a Arroyo Martínez, Ignacio |e author |9 554267 | |
| 245 | 1 | 0 | |a Curso de derecho aéreo |
| 250 | |a 1a. ed | ||
| 300 | |a 281 p | ||
| 942 | |c BK | ||
| 945 | |d 20101202 00:00:00 |a dcastane | ||
| 260 | |a Pamplona |b Aranzadi |c 2006 | ||
| 650 | 7 | |a RESPONSABILIDAD AEREA |2 CL-VaPUC |9 382145 | |
| 650 | 0 | |a Derecho aéreo |9 260765 | |
| 650 | 0 | |a Transportes aéreos |9 260842 | |
| 650 | 7 | |a SEGURO AEREO |2 CL-VaPUC |9 386346 | |
| 650 | 0 | |a Derecho internacional |9 255637 | |
| 583 | |a last modification |c 20130608 04:39:26 |k Rodrigo Vera | ||
| 999 | |c 343436 |d 343434 | ||
| 952 | |0 0 |1 0 |4 0 |6 341_756000000000000_ARR_2006 |7 0 |8 A |9 440737 |a BIBDER |b BIBDER |d 2019-11-22 |i 4737687 |o 341.756 ARR 2006 |p 4737687 |r 2023-01-25 |w 2019-11-22 |y BK |k DER | ||